Chính trị - Kinh tế thời hiện đại (Dùng trong trường THPT)

Spremljeno u:
Bibliografski detalji
Format: Knjiga
Oznake: Dodaj oznaku
Bez oznaka, Budi prvi tko označuje ovaj zapis!
Thư viện lưu trữ: Mạng thư viện Đại học Đà Nẵng
LEADER 00450nam a22001691a 4500
001 000040253
003 16548
005 20160412022903.0
008 160412s0 000
082 |a 4N(TK)1899-04 
245 |a Chính trị - Kinh tế thời hiện đại (Dùng trong trường THPT) 
OWN |a LNN 
999 |a From the UDN01 
TYP |a Monograph 
980 |a Mạng thư viện Đại học Đà Nẵng